[Event "Zonal 1.4 (w) prel A"]
[Site "Timisoara ROM"]
[Date "1993.03.??"]
[Round "1"]
[White "Bednarska, Malgorzata"]
[Black "Holoubkova, Martina"]
[Result "0-1"]
[WhiteElo "2180"]
[BlackElo "2185"]
[EventDate "1993.03.20"]
[PlyCount "100"]

1.e4 e5 2.Nf3 Nc6 3.Bb5 a6 4.Bxc6 dxc6 5.O-O Bd6 6.d4 exd4 7.Qxd4 f6 8.Be3
Be6 9.Nbd2 Ne7 10.Rad1 Ng6 11.Nc4 Bxc4 12.Qxc4 Qe7 13.Rfe1 O-O-O 14.g3 
Rhe8 15.Nd4 Qxe4 16.Bf4 Qxe1+ 17.Rxe1 Rxe1+ 18.Kg2 Bxf4 19.Ne6 Rd7 20.Nxf4
Nxf4+ 21.Qxf4 b6 22.Qf5 h6 23.Kf3 Re5 24.Qh7 Kb7 25.h4 f5 26.Qg6 Rc5 27.c3
Rb5 28.b3 Ra5 29.a4 Rad5 30.Kg2 Re7 31.h5 Rd3 32.Qxf5 Rxc3 33.Qf8 Rd7 34.
b4 Rc2 35.Kh3 Ra2 36.a5 bxa5 37.Qf5 Rd5 38.Qb1 Rxf2 39.bxa5+ Rb5 40.Qg6 
Rff5 41.Qxg7 Rxh5+ 42.Kg2 Rxa5 43.Kf3 Rhf5+ 44.Ke4 h5 45.Qh7 Rg5 46.Kf4 
Rg4+ 47.Kf3 Ra3+ 48.Kf2 Rgxg3 49.Qxh5 Rgb3 50.Qe2 a5 0-1

[Event "Zonal 1.4 (w) prel A"]
[Site "Timisoara ROM"]
[Date "1993.03.??"]
[Round "1"]
[White "Chilingirova, Pavlina"]
[Black "Grabics, Monika"]
[Result "0-1"]
[WhiteElo "2250"]
[BlackElo "2185"]
[EventDate "1993.03.20"]
[PlyCount "124"]

1.c4 g6 2.Nc3 Bg7 3.d4 Nf6 4.e4 d6 5.Nge2 O-O 6.Ng3 e5 7.d5 a5 8.h4 Na6 9.
Be2 Nc5 10.h5 c6 11.Be3 Qb6 12.Qd2 a4 13.Rb1 cxd5 14.cxd5 Qb4 15.f3 Bd7 
16.hxg6 fxg6 17.Nb5 Qxd2+ 18.Kxd2 Bxb5 19.Bxb5 Ra5 20.Be2 Nfd7 21.Rhc1 h5 
22.Nh1 Kh7 23.Nf2 Bh6 24.g4 Bxe3+ 25.Kxe3 hxg4 26.Nxg4 Nf6 27.Rh1+ Kg7 28.
Nxf6 Kxf6 29.Rh7 Raa8 30.Rbh1 Rac8 31.Bb5 Rf7 32.Rh8 Rff8 33.Rxf8+ Rxf8 
34.Rh7 Ra8 35.Kf2 Ra5 36.Bf1 b5 37.Rc7 b4 38.Ke3 a3 39.b3 Nxb3 40.Rb7 Nd4 
41.Bc4 Rc5 42.Kd3 Nxf3 43.Rxb4 Ng5 44.Ra4 Rc7 45.Bb3 Rh7 46.Bc2 Rh3+ 47.
Kc4 Re3 48.Kb5 Nf3 49.Bb3 Nd4+ 50.Kb6 Nxb3 51.axb3 Rxb3+ 52.Kc6 g5 53.Kxd6
g4 54.Ra8 g3 55.Rf8+ Kg7 56.Rf1 a2 57.Ra1 g2 58.Rg1 Kf6 59.Rxg2 a1=Q 60.
Rf2+ Kg5 61.Ke6 Rb6+ 62.d6 Rxd6+ 0-1

[Event "Zonal 1.4 (w) prel A"]
[Site "Timisoara ROM"]
[Date "1993.03.??"]
[Round "1"]
[White "Horvath, Julia"]
[Black "Peptan, Corina-Isabela"]
[Result "1-0"]
[WhiteElo "2265"]
[BlackElo "2355"]
[EventDate "1993.03.20"]
[PlyCount "103"]

1.d4 Nf6 2.c4 g6 3.Nc3 d5 4.Nf3 Bg7 5.Bg5 Ne4 6.cxd5 Nxg5 7.Nxg5 e6 8.Qd2 
exd5 9.Qe3+ Kf8 10.Qf4 Bf6 11.h4 h6 12.Nxd5 Bxg5 13.Qe5 f6 14.Qxc7 Qxc7 
15.Nxc7 Bf4 16.Nxa8 Nc6 17.e3 Bd6 18.d5 Nb4 19.Rc1 Bg4 20.a3 Nxd5 21.Bc4 
Ne7 22.Be2 Bd7 23.Nc7 Bc6 24.Ne6+ Ke8 25.Bf3 Bxf3 26.gxf3 Nc6 27.Nc5 Ne5 
28.Ke2 Ke7 29.Ne4 Bb8 30.f4 Nf7 31.Rhg1 f5 32.Nc3 Rg8 33.Nd5+ Ke6 34.Nc7+ 
Ke7 35.Nb5 a6 36.Nd4 Kf6 37.Nf3 Re8 38.Kf1 Bd6 39.Kg2 Bb8 40.Rgd1 Nd6 41.
Ne5 Re7 42.Nc4 Nf7 43.a4 Ke6 44.b4 b5 45.axb5 axb5 46.Na3 Rb7 47.Rc6+ Bd6 
48.Ra6 Ke7 49.Nc2 Rc7 50.Nd4 Rb7 51.Nc6+ Kd7 52.Ne5+ 1-0

[Event "Zonal 1.4 (w) prel A"]
[Site "Timisoara ROM"]
[Date "1993.03.??"]
[Round "1"]
[White "Ionescu-Ilie, Viorica"]
[Black "Brustman, Agnieszka"]
[Result "1/2-1/2"]
[WhiteElo "2150"]
[BlackElo "2300"]
[EventDate "1993.03.20"]
[PlyCount "35"]

1.d4 Nf6 2.c4 g6 3.Nc3 Bg7 4.e4 d6 5.h3 O-O 6.Bg5 c6 7.Qd2 Nbd7 8.Bd3 e5 
9.d5 cxd5 10.cxd5 Nc5 11.Bc2 a5 12.Nge2 a4 13.O-O Qb6 14.Be3 Bd7 15.Rab1 
Qc7 16.b4 axb3 17.axb3 b5 18.b4 1/2-1/2

[Event "Zonal 1.4 (w) prel A"]
[Site "Timisoara ROM"]
[Date "1993.03.??"]
[Round "1"]
[White "Krupkova, Petra"]
[Black "Foisor, Cristina"]
[Result "1/2-1/2"]
[WhiteElo "2210"]
[BlackElo "2350"]
[EventDate "1993.03.20"]
[PlyCount "66"]

1.e4 e5 2.Nf3 Nc6 3.d4 exd4 4.Nxd4 Bb4+ 5.c3 Be7 6.Be3 Nf6 7.Nd2 d5 8.exd5
Nxd4 9.Bxd4 Qxd5 10.Nf3 O-O 11.Be2 c5 12.Be5 Qxd1+ 13.Rxd1 Be6 14.c4 Ng4 
15.Bf4 Bf6 16.O-O Rfe8 17.h3 Nh6 18.Bd3 Rad8 19.b3 Nf5 20.Ng5 Bxg5 21.Bxg5
f6 22.Bxf5 Bxf5 23.Bf4 Kf7 24.Rd5 Rxd5 25.cxd5 g5 26.Bg3 Re2 27.Rc1 b6 28.
a3 Rd2 29.Bb8 Bc2 30.Bxa7 Bxb3 31.Bxb6 c4 32.a4 Rxd5 33.a5 Rd1+ 1/2-1/2

[Event "Zonal 1.4 (w) prel A"]
[Site "Timisoara ROM"]
[Date "1993.03.??"]
[Round "2"]
[White "Foisor, Cristina"]
[Black "Chilingirova, Pavlina"]
[Result "0-1"]
[WhiteElo "2350"]
[BlackElo "2250"]
[EventDate "1993.03.20"]
[PlyCount "128"]

1.c4 c5 2.g3 Nc6 3.Bg2 g6 4.Nc3 Bg7 5.Nf3 b6 6.O-O Bb7 7.d3 Nh6 8.a3 Nf5 
9.Rb1 O-O 10.Bd2 a5 11.Nb5 Qc8 12.Bc3 Ncd4 13.Nbxd4 cxd4 14.Bd2 d5 15.cxd5
Bxd5 16.b4 a4 17.Ne1 Bxg2 18.Nxg2 Nd6 19.Qc1 Nb5 20.Qb2 Qd7 21.Rfc1 Rfc8 
22.Rxc8+ Rxc8 23.Rc1 Nc3 24.Bxc3 dxc3 25.Qc2 b5 26.Ne1 Qd5 27.Rb1 h5 28.h4
Bh6 29.Nf3 e5 30.Kg2 f6 31.e3 f5 32.Ra1 Bg7 33.Rb1 e4 34.dxe4 fxe4 35.Ng5 
Qd3 36.Rc1 Rc4 37.Ne6 Be5 38.Nc5 Qd2 39.Qxd2 cxd2 40.Rd1 Bb2 41.Rxd2 Bxa3 
42.Ne6 Rxb4 43.Nc7 Bc1 44.Rd7 Bb2 45.Nd5 Rc4 46.Ra7 a3 47.g4 hxg4 48.Kg3 
Rc5 49.Nc7 Kf7 50.Kxg4 b4 51.Nd5+ Ke6 52.Nxb4 Rc4 53.Ra6+ Kd7 54.Nd5 Rc6 
55.Ra4 Kd6 56.Nc3 Kc5 57.Ra8 Kc4 58.f3 exf3 59.Kxf3 Kb3 60.Rb8+ Kc2 61.Nd5
Kb1 62.Nb4 Rc4 63.Ke2 Rxh4 64.Kd3 Rxb4 0-1

[Event "Zonal 1.4 (w) prel A"]
[Site "Timisoara ROM"]
[Date "1993.03.??"]
[Round "2"]
[White "Grabics, Monika"]
[Black "Horvath, Julia"]
[Result "1/2-1/2"]
[WhiteElo "2185"]
[BlackElo "2265"]
[EventDate "1993.03.20"]
[PlyCount "45"]

1.e4 c6 2.d4 d5 3.exd5 cxd5 4.Bd3 Nf6 5.c3 Nc6 6.Bf4 Bg4 7.Qb3 Qd7 8.Nd2 
e6 9.Ngf3 a6 10.h3 Bxf3 11.Nxf3 Be7 12.O-O O-O 13.Ne5 Nxe5 14.dxe5 Nh5 15.
Be3 g6 16.Rad1 Qc7 17.Rfe1 Rfc8 18.Bb6 Qc6 19.Be2 Ng7 20.Bd3 Bc5 21.Bxc5 
Qxc5 22.Qa4 b5 23.Qf4 1/2-1/2

[Event "Zonal 1.4 (w) prel A"]
[Site "Timisoara ROM"]
[Date "1993.03.??"]
[Round "2"]
[White "Holoubkova, Martina"]
[Black "Brustman, Agnieszka"]
[Result "1-0"]
[WhiteElo "2185"]
[BlackElo "2300"]
[EventDate "1993.03.20"]
[PlyCount "71"]

1.e4 c5 2.c3 d5 3.exd5 Qxd5 4.d4 Nf6 5.Nf3 Nc6 6.dxc5 Qxc5 7.Na3 Bg4 8.Be3
Qa5 9.Qb3 Bc8 10.Bb5 e6 11.Nc4 Qc7 12.Qa4 Nd7 13.O-O Be7 14.Nd4 Nxd4 15.
cxd4 O-O 16.Rac1 Qd8 17.Ne5 Nb6 18.Qc2 Nd5 19.Qe4 Nf6 20.Qh4 Bd7 21.Bd3 g6
22.Bg5 Nd5 23.Bxe7 Nxe7 24.Be4 Bb5 25.Rfd1 Nd5 26.Qh6 Be8 27.Bxd5 Qxd5 28.
Rd3 Bc6 29.Nxc6 bxc6 30.Rh3 Rfd8 31.Qxh7+ Kf8 32.Rf3 Qd7 33.Qxg6 Rac8 34.
Qh6+ Ke7 35.Qg5+ Ke8 36.Qg8+ 1-0

[Event "Zonal 1.4 (w) prel A"]
[Site "Timisoara ROM"]
[Date "1993.03.??"]
[Round "2"]
[White "Peptan, Corina-Isabela"]
[Black "Ionescu-Ilie, Viorica"]
[Result "1-0"]
[WhiteElo "2355"]
[BlackElo "2150"]
[EventDate "1993.03.20"]
[PlyCount "51"]

1.e4 c5 2.c3 d5 3.exd5 Qxd5 4.d4 Nf6 5.Nf3 Bg4 6.Be2 e6 7.Na3 cxd4 8.Nb5 
Na6 9.Nbxd4 e5 10.Qa4+ Bd7 11.Nb5 Be7 12.Qxa6 O-O 13.Nc7 Qc5 14.Qc4 Qxc4 
15.Bxc4 Rac8 16.Nd5 Rxc4 17.Nxe7+ Kh8 18.O-O Be6 19.b3 Rc7 20.Ba3 Re8 21.
Nxe5 b5 22.N7c6 Bd5 23.Bd6 Rb7 24.Nb4 Re6 25.Nxd5 Nxd5 26.c4 1-0

[Event "Zonal 1.4 (w) prel A"]
[Site "Timisoara ROM"]
[Date "1993.03.??"]
[Round "3"]
[White "Brustman, Agnieszka"]
[Black "Peptan, Corina-Isabela"]
[Result "0-1"]
[WhiteElo "2300"]
[BlackElo "2355"]
[EventDate "1993.03.20"]
[PlyCount "68"]

1.e4 c5 2.Nf3 d6 3.d4 cxd4 4.Nxd4 Nf6 5.Nc3 a6 6.Bg5 e6 7.f4 Be7 8.Qf3 Qc7
9.O-O-O Nbd7 10.g4 b5 11.Bxf6 Nxf6 12.a3 Rb8 13.f5 O-O 14.g5 Ne8 15.Rg1 b4
16.axb4 Rxb4 17.Rg3 Qc5 18.Nb3 Qe5 19.f6 Bd8 20.Bd3 gxf6 21.h4 Bb7 22.Nd2 
f5 23.Rdg1 Bb6 24.R1g2 Bd4 25.Nc4 Qg7 26.h5 fxe4 27.Nxe4 Bxe4 28.Bxe4 Rxc4
29.h6 Qe5 30.g6 f5 31.gxh7+ Kxh7 32.Rg7+ Kh8 33.h7 Nxg7 34.c3 Qxe4 0-1

[Event "Zonal 1.4 (w) prel A"]
[Site "Timisoara ROM"]
[Date "1993.03.??"]
[Round "3"]
[White "Chilingirova, Pavlina"]
[Black "Bednarska, Malgorzata"]
[Result "1-0"]
[WhiteElo "2250"]
[BlackElo "2180"]
[EventDate "1993.03.20"]
[PlyCount "151"]

1.c4 c5 2.g3 Nf6 3.Bg2 d5 4.cxd5 Nxd5 5.Nc3 Nc7 6.Qa4+ Bd7 7.Qb3 Nc6 8.Nf3
e5 9.d3 Be7 10.O-O O-O 11.a3 Rb8 12.Nd5 Nxd5 13.Qxd5 Qc7 14.Qc4 Be6 15.Qc2
Bd5 16.Be3 b6 17.Rfc1 Qd7 18.Ne1 Bxg2 19.Nxg2 Nd4 20.Bxd4 exd4 21.Qd2 a5 
22.a4 Rfe8 23.b3 Bd6 24.Ra2 Qg4 25.e4 dxe3 26.fxe3 Re6 27.Rf1 Rbe8 28.Qf2 
Rf6 29.Qe2 Rxf1+ 30.Qxf1 Qe6 31.Qd1 Be7 32.Rf2 Bg5 33.e4 Rd8 34.Qc2 Qd6 
35.Qc4 Bf6 36.Rf3 Qd4+ 37.Kf1 h6 38.Nf4 Qa1+ 39.Kg2 Qd4 40.Nd5 Qb2+ 41.Kh3
Rd7 42.Qb5 Qe2 43.Qxd7 Qxf3 44.Qc8+ Kh7 45.Qf5+ Qxf5+ 46.exf5 h5 47.Nxb6 
Kh6 48.Nc4 Bc3 49.Nd6 f6 50.Kg2 g6 51.Kf3 gxf5 52.Nxf5+ Kg5 53.Ng7 Bb4 54.
h3 f5 55.Ne6+ Kf6 56.Nf4 Ke5 57.Ke3 Be1 58.Nxh5 Ke6 59.g4 fxg4 60.hxg4 Ke5
61.Nf4 Bg3 62.Ne2 Bh4 63.d4+ cxd4+ 64.Nxd4 Kd5 65.Kd3 Bf6 66.Nf3 Bd8 67.g5
Bb6 68.g6 Ke6 69.Kc4 Kf6 70.Kb5 Bc7 71.Nd4 Kxg6 72.Nc6 Kf6 73.Nxa5 Ke6 74.
Kc4 Kd7 75.b4 Kc8 76.Nc6 1-0

[Event "Zonal 1.4 (w) prel A"]
[Site "Timisoara ROM"]
[Date "1993.03.??"]
[Round "3"]
[White "Horvath, Julia"]
[Black "Foisor, Cristina"]
[Result "1/2-1/2"]
[WhiteElo "2265"]
[BlackElo "2350"]
[EventDate "1993.03.20"]
[PlyCount "113"]

1.d4 Nf6 2.c4 g6 3.Nc3 Bg7 4.e4 d6 5.f4 O-O 6.Nf3 c5 7.d5 e6 8.Be2 exd5 9.
exd5 Re8 10.O-O Bf5 11.Bd3 Qd7 12.Nh4 Bxd3 13.Qxd3 Ng4 14.Nf3 Na6 15.a3 f5
16.h3 Nf6 17.Ng5 Nc7 18.Bd2 Rab8 19.a4 b6 20.Rae1 a6 21.Rxe8+ Rxe8 22.Re1 
Rxe1+ 23.Bxe1 Qe8 24.Qe2 Qxe2 25.Nxe2 b5 26.axb5 axb5 27.Ba5 Nfe8 28.b3 h6
29.Nf3 Kf7 30.Kf2 bxc4 31.bxc4 Na6 32.Ke3 Nb8 33.Kd3 Nd7 34.Kc2 Ndf6 35.
Kb3 Ne4 36.Ka4 g5 37.fxg5 hxg5 38.Kb5 Bf6 39.Kc6 Ke7 40.Nd2 Nf2 41.Bc3 
Bxc3 42.Nxc3 Nd3 43.Nf3 g4 44.hxg4 fxg4 45.Nd2 Ne5+ 46.Kb5 Ng7 47.Ka4 Nf5 
48.Kb3 Nd4+ 49.Kb2 Nf5 50.Kb3 Ne3 51.g3 Nf3 52.Nce4 Ne5 53.Kc3 Nd1+ 54.Kc2
Ne3+ 55.Kc3 Nd1+ 56.Kc2 Ne3+ 57.Kc3 1/2-1/2

[Event "Zonal 1.4 (w) prel A"]
[Site "Timisoara ROM"]
[Date "1993.03.??"]
[Round "3"]
[White "Ionescu-Ilie, Viorica"]
[Black "Grabics, Monika"]
[Result "1/2-1/2"]
[WhiteElo "2150"]
[BlackElo "2185"]
[EventDate "1993.03.20"]
[PlyCount "91"]

1.d4 Nf6 2.c4 g6 3.Nc3 Bg7 4.e4 d6 5.h3 O-O 6.Bg5 c5 7.d5 e6 8.Bd3 exd5 9.
exd5 Nbd7 10.f4 Qa5 11.a4 Re8+ 12.Kf2 Qb4 13.Nge2 h6 14.Bh4 g5 15.fxg5 
hxg5 16.Bxg5 Ne5 17.Qc2 Qxb2 18.Bxf6 Qxc2 19.Bxc2 Bxf6 20.Ne4 Be7 21.Nd2 
Ng6 22.Rab1 b6 23.Nc3 Bf6 24.Nb5 Rd8 25.Ne4 Be5 26.g4 Kf8 27.Rhf1 Ba6 28.
Kg1 Nf4 29.Rf3 Bxb5 30.axb5 a5 31.bxa6 Rxa6 32.Rbf1 Ra2 33.R1f2 Bd4 34.
Rxf4 Rxc2 35.Rxf7+ Kg8 36.Ng5 Re8 37.Ne6 Bxf2+ 38.Rxf2 Rxc4 39.g5 Rc3 40.
Kg2 Re3 41.Rf6 c4 42.Rg6+ Kh7 43.Rh6+ Kg8 44.Rg6+ Kh7 45.Rh6+ Kg8 46.Rg6+ 
1/2-1/2

[Event "Zonal 1.4 (w) prel A"]
[Site "Timisoara ROM"]
[Date "1993.03.??"]
[Round "3"]
[White "Krupkova, Petra"]
[Black "Holoubkova, Martina"]
[Result "0-1"]
[WhiteElo "2210"]
[BlackElo "2185"]
[EventDate "1993.03.20"]
[PlyCount "168"]

1.e4 e5 2.Nf3 Nc6 3.d4 exd4 4.Nxd4 Bc5 5.Be3 Qf6 6.c3 Nge7 7.Bc4 Ne5 8.Be2
Qg6 9.O-O d6 10.f4 Qxe4 11.Bf2 Bxd4 12.cxd4 Nd7 13.Nc3 Qxf4 14.Nb5 Nd5 15.
Bf3 N7f6 16.Bg3 Qe3+ 17.Kh1 O-O 18.Rc1 Ne4 19.Bxe4 Qxe4 20.Nxc7 Bg4 21.Qd2
Nxc7 22.Rxc7 Rac8 23.Bxd6 Rxc7 24.Bxc7 Be6 25.b3 Rc8 26.Re1 Qf5 27.Qc3 Bd5
28.Kg1 f6 29.Qc5 Qg5 30.Re2 b6 31.Qd6 Qc1+ 32.Kf2 Bf7 33.Bb8 Qg5 34.Qf4 
Qa5 35.Bd6 Qd5 36.Be7 Bh5 37.g4 Bg6 38.Kg3 Re8 39.Re3 Qh1 40.Kh3 Bf7 41.
Bb4 Rxe3+ 42.Qxe3 h6 43.Qe2 Bd5 44.Bd6 Qg1 45.Bg3 Qxd4 46.Bf2 Qc3+ 47.Qe3 
Qa1 48.Qe8+ Kh7 49.Qe2 Qb1 50.Kg3 Be4 51.h4 Bd3 52.Qd2 Bc2 53.Bd4 Qxa2 54.
b4 Qb1 55.h5 Qd1 56.Qxd1 Bxd1 57.Be3 Kg8 58.Bf4 Be2 59.Bb8 a5 60.bxa5 bxa5
61.Bd6 Kf7 62.Kf4 a4 63.Ba3 Ke6 64.Bf8 Bd1 65.Ba3 f5 66.gxf5+ Kf7 67.Bb4 
Bxh5 68.Ba3 Bd1 69.Bb4 Bc2 70.Ba3 h5 71.Bb2 h4 72.f6 gxf6 73.Kg4 f5+ 74.
Kxh4 Ke6 75.Kg3 Kd5 76.Kf4 Kc4 77.Ke3 Kb3 78.Be5 a3 79.Kd2 a2 80.Bg7 Be4 
81.Bf6 f4 82.Be5 f3 83.Bg7 Bg6 84.Be5 Bh5 0-1

[Event "Zonal 1.4 (w) prel A"]
[Site "Timisoara ROM"]
[Date "1993.03.??"]
[Round "4"]
[White "Bednarska, Malgorzata"]
[Black "Horvath, Julia"]
[Result "1-0"]
[WhiteElo "2180"]
[BlackElo "2265"]
[EventDate "1993.03.20"]
[PlyCount "83"]

1.e4 d5 2.exd5 Nf6 3.d4 Nxd5 4.c4 Nb6 5.Nf3 Bg4 6.c5 Bxf3 7.Qxf3 Nd5 8.Qb3
b6 9.Bg5 Qd7 10.Nc3 e6 11.Nxd5 Qxd5 12.Qxd5 exd5 13.c6 Bd6 14.Be2 O-O 15.
Rc1 Re8 16.Be3 a5 17.O-O Na6 18.a3 h6 19.g3 Red8 20.Rfe1 Kf8 21.Rc2 Be7 
22.Bf4 Bd6 23.Bxd6+ Rxd6 24.Bb5 Re6 25.Rce2 Ke7 26.f4 g6 27.b3 Kd6 28.Re5 
g5 29.Kf2 gxf4 30.gxf4 h5 31.Rg1 h4 32.Rg7 Rxe5 33.fxe5+ Ke6 34.Kf3 h3 35.
Rh7 a4 36.bxa4 Nc5 37.Rh6+ Ke7 38.dxc5 bxc5 39.Rxh3 Ke6 40.Kf4 Rg8 41.Rh6+
Ke7 42.a5 1-0

[Event "Zonal 1.4 (w) prel A"]
[Site "Timisoara ROM"]
[Date "1993.03.??"]
[Round "4"]
[White "Foisor, Cristina"]
[Black "Ionescu-Ilie, Viorica"]
[Result "1-0"]
[WhiteElo "2350"]
[BlackElo "2150"]
[EventDate "1993.03.20"]
[PlyCount "53"]

1.c4 e5 2.g3 d6 3.Bg2 g6 4.Nc3 Bg7 5.Rb1 f5 6.b4 Nf6 7.e3 O-O 8.Qb3 Kh8 9.
Nge2 Nbd7 10.d3 Re8 11.Bb2 g5 12.h4 g4 13.d4 Nh5 14.dxe5 dxe5 15.Rd1 f4 
16.Be4 fxe3 17.fxe3 Rf8 18.Bg2 c6 19.Ne4 Qc7 20.c5 Ndf6 21.Nd6 Ng8 22.Rf1 
Rxf1+ 23.Kxf1 Nh6 24.Kg1 Qe7 25.Nxc8 Rxc8 26.Qd3 Nf7 27.Qf5 1-0

[Event "Zonal 1.4 (w) prel A"]
[Site "Timisoara ROM"]
[Date "1993.03.??"]
[Round "4"]
[White "Holoubkova, Martina"]
[Black "Peptan, Corina-Isabela"]
[Result "1/2-1/2"]
[WhiteElo "2185"]
[BlackElo "2355"]
[EventDate "1993.03.20"]
[PlyCount "29"]

1.e4 e6 2.d4 d5 3.Nd2 c5 4.exd5 Qxd5 5.Ngf3 cxd4 6.Bc4 Qd6 7.O-O Nf6 8.Nb3
Nc6 9.Nbxd4 Nxd4 10.Nxd4 Bd7 11.c3 Qc7 12.Bb5 Be7 13.Bxd7+ Qxd7 14.Qf3 O-O
15.Bg5 1/2-1/2

[Event "Zonal 1.4 (w) prel A"]
[Site "Timisoara ROM"]
[Date "1993.03.??"]
[Round "5"]
[White "Chilingirova, Pavlina"]
[Black "Holoubkova, Martina"]
[Result "1-0"]
[WhiteElo "2250"]
[BlackElo "2185"]
[EventDate "1993.03.20"]
[PlyCount "53"]

1.g3 g6 2.Bg2 Bg7 3.d4 Nf6 4.e4 d6 5.Nc3 O-O 6.Nge2 e5 7.h3 c6 8.a4 Na6 9.
Be3 exd4 10.Bxd4 Re8 11.O-O Be6 12.Re1 c5 13.Be3 Qa5 14.Nb5 Rad8 15.Nec3 
Nb4 16.Nxd6 Re7 17.e5 Ne8 18.Bg5 f6 19.exf6 Bxf6 20.Bxf6 Nxf6 21.Qf3 Nbd5 
22.Rxe6 Rxe6 23.Nxb7 Qb6 24.Nxd8 Qxb2 25.Rb1 Qxc3 26.Nxe6 Qxc2 27.Qb3 1-0

[Event "Zonal 1.4 (w) prel A"]
[Site "Timisoara ROM"]
[Date "1993.03.??"]
[Round "5"]
[White "Horvath, Julia"]
[Black "Krupkova, Petra"]
[Result "0-1"]
[WhiteElo "2265"]
[BlackElo "2210"]
[EventDate "1993.03.20"]
[PlyCount "70"]

1.d4 Nf6 2.Nf3 g6 3.Bf4 Bg7 4.e3 O-O 5.Bd3 c5 6.c3 d6 7.h3 Nc6 8.O-O a6 9.
a4 Re8 10.Bh2 e5 11.dxe5 dxe5 12.Bc4 Be6 13.Na3 e4 14.Ne5 Nxe5 15.Bxe5 
Bxc4 16.Nxc4 b5 17.Bxf6 Bxf6 18.axb5 axb5 19.Rxa8 Qxa8 20.Nd2 c4 21.Qc2 
Kg7 22.Rd1 Rd8 23.Nf1 Rd3 24.Rc1 Be5 25.Qe2 h5 26.Rb1 Qa2 27.Qc2 Bxc3 28.
Qc1 Be5 29.g3 b4 30.Kg2 c3 31.bxc3 Bxc3 32.g4 h4 33.g5 Rd5 34.Nh2 Rxg5+ 
35.Ng4 f5 0-1

[Event "Zonal 1.4 (w) prel A"]
[Site "Timisoara ROM"]
[Date "1993.03.??"]
[Round "5"]
[White "Ionescu-Ilie, Viorica"]
[Black "Bednarska, Malgorzata"]
[Result "1-0"]
[WhiteElo "2150"]
[BlackElo "2180"]
[EventDate "1993.03.20"]
[PlyCount "155"]

1.d4 Nf6 2.c4 g6 3.Nc3 d5 4.cxd5 Nxd5 5.g3 Bg7 6.Bg2 Nxc3 7.bxc3 c5 8.e3 
O-O 9.Ne2 cxd4 10.cxd4 Nc6 11.O-O Bf5 12.Bd2 Bd3 13.Re1 Rc8 14.Rc1 Qd6 15.
Qb3 Ba6 16.Qa4 Rfd8 17.Nc3 Qd7 18.Red1 Nb8 19.Qxd7 Nxd7 20.Nd5 Bf8 21.Nc7 
Be2 22.Re1 Bd3 23.Rc3 b5 24.Rec1 Be2 25.Nxb5 Rxc3 26.Nxc3 Bc4 27.Rb1 Nb6 
28.a4 e5 29.a5 exd4 30.exd4 Nc8 31.Be3 Bd6 32.Ne4 Bc7 33.Rc1 Bxa5 34.Rxc4 
Nb6 35.Rc1 Nd5 36.Ra1 Bb6 37.Rd1 Rc8 38.Nd2 Nc3 39.Re1 Rd8 40.Nb3 a5 41.
Bd2 Rc8 42.Bf1 a4 43.Nc5 Nd5 44.Nxa4 Bxd4 45.Rc1 Rd8 46.Bh6 Nf6 47.Bg5 
Bxf2+ 48.Kg2 Bd4 49.Rd1 Ng4 50.Bxd8 Ne3+ 51.Kf3 Nxd1 52.Bb6 Bf6 53.Bc4 Nb2
54.Nxb2 Bxb2 55.Ke4 Ba3 56.Bd4 Be7 57.Kd5 h5 58.Kc6 Ba3 59.Be5 Bc1 60.Kd7 
Kf8 61.Bf4 Bb2 62.Bh6+ Kg8 63.Ke8 Kh7 64.Bf4 f5 65.h4 Kg7 66.Ke7 Bf6+ 67.
Ke6 Bd8 68.Bd3 Kf8 69.Bd6+ Kg7 70.Be5+ Kg8 71.Kd7 Bb6 72.Ke8 Be3 73.Bc4+ 
Kh7 74.Kf7 Bf2 75.Bd3 Be1 76.g4 hxg4 77.h5 Kh6 78.hxg6 1-0

[Event "Zonal 1.4 (w) prel A"]
[Site "Timisoara ROM"]
[Date "1993.03.??"]
[Round "6"]
[White "Bednarska, Malgorzata"]
[Black "Brustman, Agnieszka"]
[Result "1-0"]
[WhiteElo "2180"]
[BlackElo "2300"]
[EventDate "1993.03.20"]
[PlyCount "49"]

1.e4 c5 2.Nf3 d6 3.d4 cxd4 4.Nxd4 Nf6 5.Nc3 a6 6.Bc4 e6 7.Bb3 b5 8.O-O Be7
9.f4 Bb7 10.Be3 b4 11.e5 bxc3 12.exf6 Bxf6 13.bxc3 O-O 14.Qd2 Be4 15.Rad1 
Qc7 16.f5 Bxd4 17.Bxd4 e5 18.f6 gxf6 19.Be3 Qe7 20.Qxd6 Qxd6 21.Rxd6 f5 
22.Bh6 Re8 23.Re1 Ra7 24.Ba4 Rc8 25.Red1 1-0

[Event "Zonal 1.4 (w) prel A"]
[Site "Timisoara ROM"]
[Date "1993.03.??"]
[Round "6"]
[White "Foisor, Cristina"]
[Black "Peptan, Corina-Isabela"]
[Result "1/2-1/2"]
[WhiteElo "2350"]
[BlackElo "2355"]
[EventDate "1993.03.20"]
[PlyCount "117"]

1.c4 c5 2.g3 g6 3.Bg2 Bg7 4.Nc3 Nc6 5.Nf3 e6 6.O-O Nge7 7.a3 O-O 8.d3 b6 
9.Rb1 Bb7 10.Bd2 d5 11.cxd5 Nxd5 12.Qa4 Nd4 13.Nxd4 cxd4 14.Nxd5 Bxd5 15.
Bxd5 Qxd5 16.Rfc1 Qe5 17.Rc2 Qxe2 18.Qa6 h5 19.Rbc1 Qf3 20.h4 e5 21.Bb4 
Rfe8 22.Rc7 e4 23.dxe4 Qxe4 24.Rd7 Rad8 25.Qxa7 Qe6 26.Rxd8 Rxd8 27.Qc7 
Qd5 28.Qxb6 d3 29.Rd1 Rd7 30.Qc5 Qe6 31.Re1 Qg4 32.Bd2 Bd4 33.Qc8+ Kh7 34.
Kg2 Qf5 35.f3 Bxb2 36.a4 Qd5 37.a5 Bd4 38.a6 Ra7 39.Qf8 Bg7 40.Qa3 Qc4 41.
Re3 Rxa6 42.Qxd3 Qa2 43.Re2 Qa1 44.Qc4 Ra7 45.Be3 Re7 46.Ra2 Qd1 47.Bf2 
Rb7 48.Qe2 Qd5 49.Rd2 Qa5 50.Ra2 Qd5 51.Rd2 Qa5 52.Ra2 Qd5 53.Qd2 Qc6 54.
Rc2 Qa4 55.Ra2 Qc4 56.Qe2 Qd5 57.Qd2 Qc4 58.Qc2 Qd5 59.Qd2 1/2-1/2

[Event "Zonal 1.4 (w) prel A"]
[Site "Timisoara ROM"]
[Date "1993.03.??"]
[Round "6"]
[White "Krupkova, Petra"]
[Black "Ionescu-Ilie, Viorica"]
[Result "1-0"]
[WhiteElo "2210"]
[BlackElo "2150"]
[EventDate "1993.03.20"]
[PlyCount "65"]

1.d4 f5 2.c4 Nf6 3.Nf3 g6 4.Nc3 Bg7 5.g3 O-O 6.Bg2 d6 7.O-O Qe8 8.Rb1 e5 
9.dxe5 dxe5 10.e4 Nc6 11.Re1 fxe4 12.Ng5 Bg4 13.Qb3 Rb8 14.Be3 Nd4 15.Bxd4
exd4 16.c5+ Kh8 17.Ncxe4 Qd7 18.Nd2 c6 19.Nc4 Nd5 20.Nd6 h6 21.Nge4 Nf6 
22.Qd3 Ne8 23.b4 Nxd6 24.Nxd6 Bf5 25.Be4 Bxe4 26.Rxe4 Kh7 27.Rbe1 b6 28.
Re7 Qg4 29.Ne8 Rbxe8 30.Rxe8 bxc5 31.Qc4 h5 32.Qg8+ Kh6 33.R1e7 1-0

[Event "Zonal 1.4 (w) prel A"]
[Site "Timisoara ROM"]
[Date "1993.03.??"]
[Round "7"]
[White "Brustman, Agnieszka"]
[Black "Krupkova, Petra"]
[Result "1-0"]
[WhiteElo "2300"]
[BlackElo "2210"]
[EventDate "1993.03.20"]
[PlyCount "67"]

1.e4 e5 2.Nf3 Nc6 3.Bb5 f5 4.Nc3 fxe4 5.Nxe4 d5 6.Nxe5 dxe4 7.Nxc6 Qg5 8.
Qe2 Nf6 9.f4 Qxf4 10.Nxa7+ Bd7 11.Bxd7+ Nxd7 12.d4 Qh4+ 13.g3 Qe7 14.Nb5 
O-O-O 15.Bf4 Nb6 16.Bxc7 Rd5 17.Bxb6 Qb4+ 18.Nc3 Rg5 19.O-O-O Qxb6 20.Qxe4
Bd6 21.Rhf1 Kb8 22.Rf5 h6 23.Rxg5 hxg5 24.Re1 Rd8 25.d5 Qf2 26.Qe2 Qf5 27.
Qe6 Qf2 28.Nb5 Bc5 29.Qe5+ Ka8 30.Qe2 Qf7 31.Rf1 Qd7 32.c4 Rh8 33.Re1 Bb4 
34.Qe3 1-0

[Event "Zonal 1.4 (w) prel A"]
[Site "Timisoara ROM"]
[Date "1993.03.??"]
[Round "7"]
[White "Grabics, Monika"]
[Black "Foisor, Cristina"]
[Result "0-1"]
[WhiteElo "2185"]
[BlackElo "2350"]
[EventDate "1993.03.20"]
[PlyCount "86"]

1.e4 c5 2.Nf3 a6 3.c3 Qa5 4.Be2 d6 5.O-O Nf6 6.Qc2 Nc6 7.d3 g6 8.Bg5 Bg7 
9.Nbd2 h6 10.Bh4 g5 11.Bg3 Nh5 12.Nc4 Qc7 13.Ne3 e6 14.Rfd1 Nxg3 15.hxg3 
Ne5 16.Rac1 Nxf3+ 17.Bxf3 Bd7 18.Qb3 Rc8 19.d4 O-O 20.d5 b5 21.dxe6 fxe6 
22.Bg4 Kh8 23.Rd2 Rcd8 24.Qd1 Bc8 25.Bh3 Qf7 26.Rcc2 h5 27.g4 h4 28.Rxd6 
Rde8 29.Nf1 Be5 30.Rd3 Qh7 31.Re2 a5 32.Qc1 Bf4 33.Qc2 Bb7 34.Nd2 c4 35.
Rf3 Rd8 36.g3 hxg3 37.fxg3 Bxd2 38.Rxd2 Bxe4 39.Rxd8 Rxd8 40.Qe2 Bxf3 41.
Qxf3 Qa7+ 42.Kf1 Kg7 43.Bg2 Rf8 0-1

[Event "Zonal 1.4 (w) prel A"]
[Site "Timisoara ROM"]
[Date "1993.03.??"]
[Round "7"]
[White "Horvath, Julia"]
[Black "Holoubkova, Martina"]
[Result "0-1"]
[WhiteElo "2265"]
[BlackElo "2185"]
[EventDate "1993.03.20"]
[PlyCount "160"]

1.d4 Nf6 2.c4 g6 3.Nc3 Bg7 4.e4 d6 5.f4 O-O 6.Nf3 c5 7.d5 e6 8.Be2 exd5 9.
exd5 Re8 10.O-O Bf5 11.Bd3 Qd7 12.Nh4 Bxd3 13.Qxd3 Ng4 14.Nf3 Na6 15.a3 f5
16.h3 Nf6 17.Ng5 Nc7 18.Bd2 Re7 19.Rae1 Rae8 20.Rxe7 Rxe7 21.Re1 Qe8 22.
Rxe7 Qxe7 23.a4 h6 24.Nf3 Ne4 25.Be1 Ne8 26.Qe2 N8f6 27.Bh4 Qe8 28.Bxf6 
Bxf6 29.Nd2 Bd4+ 30.Kh2 Bxc3 31.bxc3 Nf6 32.Qxe8+ Nxe8 33.Kg3 Nf6 34.Kf3 
Kf7 35.Ke3 Nd7 36.Kd3 Nb6 37.a5 Nd7 38.Nb1 a6 39.Nd2 b6 40.axb6 Nxb6 41.
Nb3 Nd7 42.Na5 Nf6 43.Nc6 Ke8 44.Na5 g5 45.Ke3 Nh5 46.fxg5 hxg5 47.Kf3 Nf6
48.h4 gxh4 49.Kf4 Ng4 50.Kg5 Ne3 51.Kxh4 Nxg2+ 52.Kg3 Ne3 53.Kf4 Nd1 54.
Kxf5 Kd7 55.Ke4 Nxc3+ 56.Kd3 Na4 57.Kc2 Nb6 58.Kc3 Kc7 59.Nc6 Nd7 60.Ne7 
Ne5 61.Nf5 Kd7 62.Ne3 Kc7 63.Nf5 a5 64.Ne3 a4 65.Nc2 Nf3 66.Na3 Nd4 67.Nb1
Kb6 68.Nd2 Ka5 69.Ne4 Nf5 70.Nd2 a3 71.Kb3 a2 72.Kxa2 Kb4 73.Kb2 Ne3 74.
Ne4 Nxc4+ 75.Kc2 Na3+ 76.Kd3 Nb5 77.Nd2 Na3 78.Ne4 c4+ 79.Kd2 Nb5 80.Kc2 
c3 0-1